[Event "4NCL/Div1/SWD1 vs. BAR1"]
[Site "Wokefield Park ENG"]
[Date "2007.05.07"]
[Round "11.6"]
[White "Berry, Neil"]
[Black "Powell, Lloyd"]
[Result "1-0"]
[WhiteElo "2291"]
[BlackElo "2166"]
[PlyCount "73"]
[EventDate "2007.05.07"]
[EventType "team"]
[EventRounds "11"]
[EventCountry "ENG"]
[WhiteTeam "Barbican 4NCL 1"]
[BlackTeam "S W Dragons 1"]

1. d4 Nf6 2. c4 g6 3. Nc3 Bg7 4. e4 d6 5. Nf3 O-O 6. h3 e5 7. d5 a5 8. Bg5 Na6
9. g4 c6 10. Nd2 h6 11. Be3 Nc5 12. Be2 Rb8 13. a3 Bd7 14. b4 Na6 15. Rb1 cxd5
16. exd5 axb4 17. axb4 Ne8 18. Rg1 Qh4 19. Nf3 Qe7 20. Qd2 Kh7 21. g5 h5 22.
Ne4 Bf5 23. Bd3 Rc8 24. Qe2 Kg8 25. Nh4 Bxh3 26. Nf6+ Nxf6 27. gxf6 Bxf6 28.
Nxg6 fxg6 29. Bxg6 Bg7 30. Qxh5 Rf4 31. Qxh3 Rcxc4 32. Bxf4 exf4+ 33. Kf1 Nxb4
34. Re1 Qxe1+ 35. Kxe1 Rc1+ 36. Kd2 Rxg1 37. Qe6+ 1-0

[Event "4NCL/Div1/SWD1 vs. BAR1"]
[Site "Wokefield Park ENG"]
[Date "2007.05.07"]
[Round "11.7"]
[White "Rees, Gwynfor"]
[Black "Eggleston, David J"]
[Result "0-1"]
[WhiteElo "2167"]
[BlackElo "2301"]
[PlyCount "64"]
[EventDate "2007.05.07"]
[EventType "team"]
[EventRounds "11"]
[EventCountry "ENG"]
[WhiteTeam "S W Dragons 1"]
[BlackTeam "Barbican 4NCL 1"]

1. d4 e6 2. c4 Nf6 3. Nc3 Bb4 4. Qc2 Nc6 5. Nf3 d6 6. Bd2 O-O 7. a3 Bxc3 8.
Bxc3 Qe7 9. e3 e5 10. d5 Nb8 11. Be2 Bg4 12. h3 Bh5 13. e4 Bg6 14. Nd2 Nbd7 15.
b4 b5 16. g4 Nb6 17. f3 bxc4 18. Qc1 c6 19. dxc6 d5 20. exd5 Nfxd5 21. Nxc4
Qh4+ 22. Kf1 Nxc4 23. Bxc4 Qg3 24. Be2 Nf4 25. Rg1 Qxg1+ 26. Kxg1 Nxe2+ 27. Kf2
Nxc1 28. Rxc1 Rfe8 29. c7 Rac8 30. h4 Rxc7 31. h5 Rec8 32. hxg6 hxg6 0-1

[Event "4NCL/Div1/SWD1 vs. BAR1"]
[Site "Wokefield Park ENG"]
[Date "2007.05.07"]
[Round "11.8"]
[White "Lauterbach, Ingrid"]
[Black "van Kemenade, Julie"]
[Result "1-0"]
[WhiteElo "2142"]
[BlackElo "1925"]
[PlyCount "117"]
[EventDate "2007.05.07"]
[EventType "team"]
[EventRounds "11"]
[EventCountry "ENG"]
[WhiteTeam "Barbican 4NCL 1"]
[BlackTeam "S W Dragons 1"]

1. e4 d6 2. d4 g6 3. g3 Bg7 4. Bg2 Nd7 5. Ne2 e5 6. c3 Ngf6 7. O-O O-O 8. h3
Re8 9. Qc2 h6 10. Nd2 Nf8 11. Kh2 Ne6 12. dxe5 dxe5 13. Nc4 Nh5 14. b3 Ng5 15.
g4 Nf6 16. Ba3 Bd7 17. Rad1 Qc8 18. f3 b5 19. Ne3 Qa6 20. Bc1 Rad8 21. Rd3 Ne6
22. b4 h5 23. Nd5 Qc8 24. Nxf6+ Bxf6 25. gxh5 gxh5 26. Ng3 Ng7 27. Rfd1 Be6 28.
Be3 Qa6 29. Rxd8 Rxd8 30. Ra1 Bc4 31. Bf1 Be6 32. a4 Bd7 33. c4 bxc4 34. Bxc4
Qc8 35. Bf1 h4 36. Nh1 Nh5 37. Nf2 Kh8 38. Ng4 Bxg4 39. hxg4 Nf4 40. Rc1 Rd7
41. Bb5 c6 42. Qxc6 Qxc6 43. Rxc6 Bd8 44. Ra6 Rd1 45. Rxa7 Bb6 46. Bxb6 Rd2+
47. Kh1 Rd1+ 48. Bg1 Nh3 49. Rd7 Rxg1+ 50. Kh2 Rg3 51. Bf1 Nf4 52. a5 Rxf3 53.
Rd1 Rb3 54. b5 Ne6 55. b6 Nc5 56. Rd5 Nxe4 57. Rb5 Ra3 58. b7 Ra2+ 59. Bg2 1-0

[Event "4NCL/Div2/WRO vs. OXF1"]
[Site "Sunningdale ENG"]
[Date "2006.09.17"]
[Round "2.1"]
[White "Van de Griendt, Jan W"]
[Black "Bilalic, Merim"]
[Result "1/2-1/2"]
[WhiteElo "2373"]
[BlackElo "2288"]
[PlyCount "120"]
[EventDate "2006.09.17"]
[EventType "team"]
[EventRounds "11"]
[EventCountry "ENG"]
[WhiteTeam "White Rose"]
[BlackTeam "Oxford 1"]

1. d4 d5 2. Nf3 Nc6 3. c4 e5 4. Nxe5 Nxe5 5. dxe5 d4 6. a3 a5 7. e3 Bc5 8. exd4
Bxd4 9. Bd3 Bxe5 10. Qe2 Qe7 11. O-O Bd6 12. Be3 Nf6 13. c5 Be5 14. Re1 Nd5 15.
Bc4 Nxe3 16. Qxe3 Bf6 17. Nc3 Be6 18. Bxe6 fxe6 19. Nd5 Qf7 20. Qxe6+ Qxe6 21.
Rxe6+ Kf7 22. Rae1 Rhe8 23. Rxe8 Rxe8 24. Rxe8 Kxe8 25. b4 Bb2 26. Nxc7+ Kd7
27. Nb5 Kc6 28. Nd6 Bxa3 29. bxa5 Bxc5 30. Ne4 Bb4 31. Ng5 Bxa5 32. Kf1 h6 33.
Ne6 Bc3 34. Ke2 b5 35. Kd3 Bf6 36. f4 Kd5 37. Nc7+ Kc5 38. Na6+ Kb6 39. Nb4 Kc5
40. Na6+ Kb6 41. Nb8 Ka5 42. Nd7 Ba1 43. g4 b4 44. Nc5 Kb5 45. Nb3 Bf6 46. Nd2
Bc3 47. Nb3 Be1 48. Ke2 Bh4 49. Kd3 Bf2 50. f5 Bg1 51. h4 Bh2 52. Nd4+ Ka4 53.
g5 hxg5 54. hxg5 Bf4 55. Ne6 Bc1 56. Kc2 Be3 57. Kd3 Bc1 58. f6 gxf6 59. gxf6
Ka3 60. Nd4 Bh6 1/2-1/2

[Event "4NCL/Div2/WRO vs. OXF1"]
[Site "Sunningdale ENG"]
[Date "2006.09.17"]
[Round "2.2"]
[White "Milovanovic, Aleksander"]
[Black "Kaid, Almar"]
[Result "1/2-1/2"]
[WhiteElo "2272"]
[BlackElo "2281"]
[PlyCount "44"]
[EventDate "2006.09.17"]
[EventType "team"]
[EventRounds "11"]
[EventCountry "ENG"]
[WhiteTeam "Oxford 1"]
[BlackTeam "White Rose"]

1. d4 d5 2. Nf3 Nf6 3. c4 e6 4. Nc3 Nbd7 5. Bg5 Be7 6. cxd5 exd5 7. e3 c6 8.
Bd3 O-O 9. Qc2 Re8 10. O-O g6 11. Rab1 Nh5 12. Bxe7 Qxe7 13. b4 a6 14. a4 Nb6
15. b5 axb5 16. axb5 c5 17. dxc5 Qxc5 18. Ne2 Qxc2 19. Bxc2 Bg4 20. Ned4 Nf6
21. h3 Bxf3 22. Nxf3 Rec8 1/2-1/2

[Event "4NCL/Div2/WRO vs. OXF1"]
[Site "Sunningdale ENG"]
[Date "2006.09.17"]
[Round "2.3"]
[White "Adams, David M"]
[Black "Smallbone, Kieran"]
[Result "1-0"]
[WhiteElo "2223"]
[BlackElo "2228"]
[PlyCount "61"]
[EventDate "2006.09.17"]
[EventType "team"]
[EventRounds "11"]
[EventCountry "ENG"]
[WhiteTeam "White Rose"]
[BlackTeam "Oxford 1"]

1. c4 c6 2. d4 d5 3. cxd5 cxd5 4. Nc3 Nc6 5. Bf4 Nf6 6. e3 Bg4 7. f3 Bd7 8. Bd3
e6 9. Bg3 Be7 10. Nge2 O-O 11. O-O a6 12. a3 b5 13. b4 Qb6 14. Bf2 a5 15. Nxb5
axb4 16. a4 Na7 17. Nxa7 Rxa7 18. Bc2 Rfa8 19. Nf4 Ra5 20. Nd3 Qa7 21. Nb2 Ne8
22. Rc1 b3 23. Bxb3 Ba3 24. Rb1 Bxb2 25. Rxb2 Bxa4 26. Bxa4 Rxa4 27. Bg3 h6 28.
Qc2 Ra3 29. Rb3 Qa4 30. Rfb1 Rb8 31. Bxb8 1-0

[Event "4NCL/Div2/WRO vs. OXF1"]
[Site "Sunningdale ENG"]
[Date "2006.09.17"]
[Round "2.4"]
[White "White, Michael J R"]
[Black "Gayson, Peter M"]
[Result "1-0"]
[WhiteElo "2239"]
[BlackElo "2240"]
[PlyCount "75"]
[EventDate "2006.09.17"]
[EventType "team"]
[EventRounds "11"]
[EventCountry "ENG"]
[WhiteTeam "Oxford 1"]
[BlackTeam "White Rose"]

1. e4 c5 2. Nf3 e6 3. c3 d5 4. e5 d4 5. Bd3 Nc6 6. O-O Nge7 7. Re1 Ng6 8. g3
Be7 9. h4 Qc7 10. Qe2 b6 11. Na3 Bb7 12. h5 Nf8 13. Be4 O-O-O 14. Nb5 Qb8 15.
cxd4 a6 16. dxc5 Bxc5 17. d4 Bb4 18. Bg5 axb5 19. Qxb5 Bxe1 20. Bxc6 Bxf2+ 21.
Kxf2 Bxc6 22. Rc1 Rd7 23. Rxc6+ Qc7 24. Qa6+ Kb8 25. Rxb6+ Qb7 26. Rxb7+ Rxb7
27. Qd6+ Ka7 28. Qa3+ Kb8 29. Be7 Nd7 30. Bd6+ Kc8 31. Qa8+ Nb8 32. Bxb8 Rxb2+
33. Ke3 Rxb8 34. Qc6+ Kd8 35. Ng5 Rc8 36. Nxf7+ Ke7 37. Qd6+ Kxf7 38. Qd7+ 1-0

[Event "4NCL/Div2/WRO vs. OXF1"]
[Site "Sunningdale ENG"]
[Date "2006.09.17"]
[Round "2.5"]
[White "Barrett, Steve J"]
[Black "Rawlinson, Aidan"]
[Result "0-1"]
[WhiteElo "2206"]
[BlackElo "2183"]
[PlyCount "64"]
[EventDate "2006.09.17"]
[EventType "team"]
[EventRounds "11"]
[EventCountry "ENG"]
[WhiteTeam "White Rose"]
[BlackTeam "Oxford 1"]

1. d4 d5 2. c4 c6 3. Nc3 Nf6 4. Bg5 dxc4 5. a4 Qa5 6. Bd2 e5 7. dxe5 Qxe5 8.
Nf3 Qc5 9. e4 Ng4 10. Qe2 Nd7 11. Bf4 Nde5 12. Nxe5 Nxe5 13. Qc2 Be6 14. Be2
Nd3+ 15. Bxd3 cxd3 16. Qxd3 Bc4 17. Qc2 O-O-O 18. Rd1 Be7 19. Rxd8+ Rxd8 20.
Ne2 Qa5+ 21. Bd2 Bb4 22. Nc3 Bd3 23. Qc1 f5 24. f3 fxe4 25. Kf2 exf3 26. gxf3
Qh5 27. Bg5 Rf8 28. Qd1 Bc5+ 29. Be3 Qh4+ 30. Kg2 Bxe3 31. Qxd3 Qf2+ 32. Kh3
Qxf3+ 0-1

[Event "4NCL/Div2/WRO vs. OXF1"]
[Site "Sunningdale ENG"]
[Date "2006.09.17"]
[Round "2.6"]
[White "Eckersley-Waites, Tom"]
[Black "Cumbers, Paul"]
[Result "1-0"]
[WhiteElo "2141"]
[BlackElo "2171"]
[PlyCount "61"]
[EventDate "2006.09.17"]
[EventType "team"]
[EventRounds "11"]
[EventCountry "ENG"]
[WhiteTeam "Oxford 1"]
[BlackTeam "White Rose"]

1. e4 e6 2. d4 d5 3. Nd2 Be7 4. Ngf3 Nf6 5. e5 Nfd7 6. c4 dxc4 7. Bxc4 Nb6 8.
Bd3 Nc6 9. Ne4 h6 10. a3 O-O 11. Bc2 f5 12. exf6 Bxf6 13. Qd3 Bxd4 14. Ng3 Ne5
15. Qh7+ Kf7 16. Nxd4 Qxd4 17. Bxh6 Ke8 18. Be3 Qxb2 19. O-O Nf7 20. Nh5 Bd7
21. Rfd1 Nd5 22. Bd4 Qb5 23. Bxg7 Ke7 24. Rxd5 exd5 25. Qg6 Qe2 26. Qf6+ Ke8
27. Bh6 Qe7 28. Bxf8 Kxf8 29. Qg7+ Ke8 30. Qg8+ Qf8 31. Re1+ 1-0

[Event "4NCL/Div2/WRO vs. OXF1"]
[Site "Sunningdale ENG"]
[Date "2006.09.17"]
[Round "2.7"]
[White "Arnott, Jonathan W"]
[Black "Duggan, Chris"]
[Result "0-1"]
[WhiteElo "2126"]
[BlackElo "2138"]
[PlyCount "68"]
[EventDate "2006.09.17"]
[EventType "team"]
[EventRounds "11"]
[EventCountry "ENG"]
[WhiteTeam "White Rose"]
[BlackTeam "Oxford 1"]

1. e4 c5 2. d3 Nc6 3. g3 d5 4. Nd2 Nf6 5. Ngf3 g6 6. Bg2 Bg7 7. O-O O-O 8. Re1
e5 9. exd5 Nxd5 10. Nc4 Re8 11. Ne3 Nc7 12. c3 Be6 13. Qc2 h6 14. Nc4 Bf5 15.
Rd1 Qe7 16. Nh4 Be6 17. Be3 Nd5 18. Qc1 Kh7 19. Nf3 Rad8 20. a3 b5 21. Ncd2
Nxe3 22. fxe3 Rxd3 23. Bf1 Rxe3 24. Bxb5 Qb7 25. Bf1 Bg4 26. Kf2 Rxf3+ 27. Nxf3
e4 28. Re1 Bxf3 29. Be2 Ne5 30. Kf1 Re6 31. Kg1 Bf6 32. Qe3 Qb6 33. b3 Bg5 34.
Qf2 Ng4 0-1

[Event "4NCL/Div2/WRO vs. OXF1"]
[Site "Sunningdale ENG"]
[Date "2006.09.17"]
[Round "2.8"]
[White "Messam-Sparkes, Lateefah"]
[Black "Mohammad, Mursal"]
[Result "0-1"]
[WhiteElo "1855"]
[BlackElo "1960"]
[PlyCount "76"]
[EventDate "2006.09.17"]
[EventType "team"]
[EventRounds "11"]
[EventCountry "ENG"]
[WhiteTeam "Oxford 1"]
[BlackTeam "White Rose"]

1. e4 d5 2. exd5 Qxd5 3. Nc3 Qa5 4. d4 Nf6 5. Bd2 c6 6. Nf3 Bf5 7. Ne5 Nbd7 8.
Nc4 Qc7 9. Ne3 Bg6 10. Qf3 O-O-O 11. b4 e5 12. dxe5 Qxe5 13. Rb1 Bxc2 14. Rb2
Be4 15. Qe2 Nb6 16. b5 Bd3 17. Qf3 Nc4 18. Bxd3 Rxd3 19. Rc2 Nxd2 20. Rxd2 Rxc3
21. bxc6 Rc1+ 22. Rd1 Bb4+ 23. Kf1 Qb5+ 24. Kg1 Rxd1+ 25. Qxd1 Qxc6 26. h3 Rd8
27. Qb3 Bd6 28. Qxf7 Qc1+ 29. Nf1 Re8 30. g3 Re1 31. Kg2 Qc6+ 32. Kh2 Qf3 33.
Qc4+ Kb8 34. Rg1 Qxf2+ 35. Kh1 Bxg3 36. Qc2 Qxc2 37. Nxg3 Rxg1+ 38. Kxg1 Qxa2
0-1

[Event "4NCL/Div2/GUI3 vs. PPA1"]
[Site "Sunningdale ENG"]
[Date "2006.09.17"]
[Round "2.1"]
[White "Anderton, Matthew N"]
[Black "Harley, Andrew"]
[Result "1/2-1/2"]
[WhiteElo "2216"]
[BlackElo "2230"]
[PlyCount "66"]
[EventDate "2006.09.17"]
[EventType "team"]
[EventRounds "11"]
[EventCountry "ENG"]
[WhiteTeam "Guildford-ADC 3"]
[BlackTeam "Poisnd Pawns 1"]

1. e4 e6 2. d4 d5 3. Nc3 Bb4 4. e5 c5 5. a3 Bxc3+ 6. bxc3 Ne7 7. h4 Qc7 8. Nf3
h6 9. h5 b6 10. Bb5+ Bd7 11. Bd3 Nbc6 12. O-O O-O 13. g3 f5 14. Be3 cxd4 15.
cxd4 Na5 16. Bd2 Nc4 17. Bb4 Rfe8 18. Qe2 Nc6 19. Bxc4 Nxb4 20. axb4 dxc4 21.
Ra3 Qc6 22. Rd1 Qd5 23. Nh4 Bc6 24. f3 a5 25. bxa5 Rxa5 26. Rc3 b5 27. Ng6 Qd7
28. Qd2 Rea8 29. Re3 Ra1 30. Rxa1 Rxa1+ 31. Kg2 Ra4 32. c3 Qa7 33. Re2 Bd5
1/2-1/2

[Event "4NCL/Div2/GUI3 vs. PPA1"]
[Site "Sunningdale ENG"]
[Date "2006.09.17"]
[Round "2.2"]
[White "Posazhennikov, Alex"]
[Black "Richardson, Keith B"]
[Result "1-0"]
[WhiteElo "2228"]
[BlackElo "2273"]
[PlyCount "113"]
[EventDate "2006.09.17"]
[EventType "team"]
[EventRounds "11"]
[EventCountry "ENG"]
[WhiteTeam "Poisnd Pawns 1"]
[BlackTeam "Guildford-ADC 3"]

1. e4 g6 2. d4 Bg7 3. Nc3 d6 4. Be2 Nc6 5. Nf3 Nf6 6. Bf4 O-O 7. Qd2 Bg4 8. d5
Nb8 9. Bh6 c6 10. Bxg7 Kxg7 11. h3 Bxf3 12. Bxf3 Nbd7 13. O-O-O Qb6 14. Rdf1
Rac8 15. Be2 cxd5 16. Nxd5 Nxd5 17. exd5 Nf6 18. Bf3 Rc4 19. Kb1 Rfc8 20. Rc1
e5 21. dxe6 fxe6 22. Rhe1 e5 23. Re3 e4 24. Rb3 Qc6 25. Be2 Rc5 26. c3 b6 27.
Rb4 a5 28. Rd4 d5 29. g4 b5 30. g5 Ng8 31. Bg4 Rf8 32. Rd1 Ne7 33. f3 exf3 34.
Rf4 Nf5 35. Bxf5 Rxf5 36. Rxf5 gxf5 37. Rf1 Kg6 38. Rxf3 d4 39. cxd4 Qxf3 40.
dxc5 Qh1+ 41. Qc1 Qe4+ 42. Ka1 Qc6 43. a3 a4 44. h4 Kh5 45. g6 Kxg6 46. Qg5+
Kf7 47. Qxf5+ Ke8 48. h5 h6 49. Ka2 Kd8 50. Kb1 Qh1+ 51. Kc2 Qg2+ 52. Kb1 Qg1+
53. Kc2 Qg2+ 54. Kc3 Qg7+ 55. Kb4 Qxb2+ 56. Ka5 Qc3+ 57. Kxb5 1-0

[Event "4NCL/Div2/GUI3 vs. PPA1"]
[Site "Sunningdale ENG"]
[Date "2006.09.17"]
[Round "2.3"]
[White "Dekker, Alain"]
[Black "Moore, Gerald"]
[Result "1-0"]
[WhiteElo "2141"]
[BlackElo "2244"]
[PlyCount "71"]
[EventDate "2006.09.17"]
[EventType "team"]
[EventRounds "11"]
[EventCountry "ENG"]
[WhiteTeam "Guildford-ADC 3"]
[BlackTeam "Poisnd Pawns 1"]

1. e4 c5 2. Nf3 e6 3. d4 cxd4 4. Nxd4 Nc6 5. Nc3 d6 6. Be3 Nf6 7. Qd2 Be7 8. f3
O-O 9. O-O-O a6 10. g4 Nxd4 11. Bxd4 b5 12. a3 Bb7 13. h4 Nd7 14. Kb1 Ne5 15.
Qf2 Qc7 16. h5 Rac8 17. g5 Nc4 18. g6 Nxa3+ 19. bxa3 e5 20. gxh7+ Kxh7 21. Bh3
exd4 22. Bf5+ Kg8 23. h6 g6 24. Qxd4 f6 25. Bxc8 Rxc8 26. h7+ Kh8 27. Kb2 d5
28. exd5 Qd6 29. Qb4 Qe5 30. Qd4 Qd6 31. Qb4 Qe5 32. d6 Rc4 33. Qxc4 bxc4 34.
Rhe1 Qxe1 35. Rxe1 Bxd6 36. Rd1 1-0

[Event "4NCL/Div2/GUI3 vs. PPA1"]
[Site "Sunningdale ENG"]
[Date "2006.09.17"]
[Round "2.4"]
[White "Byway, Paul"]
[Black "Sharp, Peter J"]
[Result "1/2-1/2"]
[WhiteElo "2199"]
[BlackElo "2099"]
[PlyCount "67"]
[EventDate "2006.09.17"]
[EventType "team"]
[EventRounds "11"]
[EventCountry "ENG"]
[WhiteTeam "Poisnd Pawns 1"]
[BlackTeam "Guildford-ADC 3"]

1. d4 d5 2. Bf4 Nf6 3. e3 g6 4. Nf3 Bg7 5. h3 O-O 6. Be2 c5 7. c3 Nc6 8. O-O b6
9. Nbd2 Bb7 10. Qa4 Nd7 11. b4 cxb4 12. cxb4 a6 13. Qb3 e5 14. dxe5 Ncxe5 15.
Rac1 d4 16. Nxe5 Nxe5 17. Bxe5 Bxe5 18. Bf3 Ra7 19. Bxb7 Rxb7 20. Nf3 Bg7 21.
Rfd1 Rd7 22. Qd3 Qa8 23. exd4 Rfd8 24. Qc4 b5 25. Qc6 Qxc6 26. Rxc6 Bxd4 27.
Nxd4 Rxd4 28. Rxd4 Rxd4 29. a3 a5 30. bxa5 Ra4 31. Rc3 Rxa5 32. Kf1 Ra4 33. Rb3
Kf8 34. Rxb5 1/2-1/2

[Event "4NCL/Div2/GUI3 vs. PPA1"]
[Site "Sunningdale ENG"]
[Date "2006.09.17"]
[Round "2.5"]
[White "Norman, Kenneth I"]
[Black "Dignam, Matthew"]
[Result "1-0"]
[WhiteElo "2143"]
[BlackElo "2150"]
[PlyCount "66"]
[EventDate "2006.09.17"]
[EventType "team"]
[EventRounds "11"]
[EventCountry "ENG"]
[WhiteTeam "Guildford-ADC 3"]
[BlackTeam "Poisnd Pawns 1"]

1. Nf3 Nf6 2. c4 g6 3. d4 Bg7 4. g3 O-O 5. Bg2 d6 6. Nc3 Nbd7 7. O-O e5 8. e4
a6 9. Re1 Rb8 10. Rb1 Re8 11. h3 c6 12. dxe5 dxe5 13. b4 Qc7 14. Be3 Nf8 15. c5
Be6 16. Nd2 Rbd8 17. Qc2 Nh5 18. Bf1 h6 19. Nc4 Bxc4 20. Bxc4 Ne6 21. Bxe6 Rxe6
22. Rbd1 Ree8 23. Kg2 Kh7 24. Na4 Bf8 25. Nb6 Ng7 26. Rxd8 Rxd8 27. Rd1 Ne6 28.
Rxd8 Qxd8 29. Nc4 f6 30. Na5 Qc7 31. Qc4 Qd7 32. Nxb7 Ng5 33. Bxg5 Qxb7 1-0

[Event "4NCL/Div2/GUI3 vs. PPA1"]
[Site "Sunningdale ENG"]
[Date "2006.09.17"]
[Round "2.6"]
[White "Hansen, Hans-Peter"]
[Black "Andersson, Frans"]
[Result "1-0"]
[WhiteElo "2211"]
[BlackElo "2104"]
[PlyCount "85"]
[EventDate "2006.09.17"]
[EventType "team"]
[EventRounds "11"]
[EventCountry "ENG"]
[WhiteTeam "Poisnd Pawns 1"]
[BlackTeam "Guildford-ADC 3"]

1. c4 e6 2. Nf3 Nf6 3. g3 Be7 4. Bg2 O-O 5. O-O d5 6. d4 Nbd7 7. Nbd2 b6 8. b3
Bb7 9. Bb2 Rc8 10. Rc1 c5 11. cxd5 exd5 12. dxc5 bxc5 13. Ne5 Nxe5 14. Bxe5 Qb6
15. e3 Qe6 16. Bb2 Rfd8 17. Re1 Ne4 18. Qc2 Nxd2 19. Qxd2 Bf6 20. Bxf6 Qxf6 21.
Red1 Qb6 22. Qb2 h6 23. Rd2 Rd6 24. Qe5 Re6 25. Qf4 Rd8 26. Rcd1 Red6 27. Qe5
Qc6 28. h4 c4 29. bxc4 Qxc4 30. Qd4 Qxd4 31. Rxd4 f5 32. Ra4 a6 33. Ra5 Kf7 34.
Rd4 g5 35. hxg5 hxg5 36. Rb4 R8d7 37. Rxb7 Rxb7 38. Bxd5+ Rxd5 39. Rxd5 Ke6 40.
Ra5 Rb6 41. g4 f4 42. exf4 gxf4 43. Kg2 1-0

[Event "4NCL/Div2/GUI3 vs. PPA1"]
[Site "Sunningdale ENG"]
[Date "2006.09.17"]
[Round "2.7"]
[White "Shepley, Julien M"]
[Black "Rosen, Daniel B"]
[Result "0-1"]
[WhiteElo "2123"]
[BlackElo "2132"]
[PlyCount "46"]
[EventDate "2006.09.17"]
[EventType "team"]
[EventRounds "11"]
[EventCountry "ENG"]
[WhiteTeam "Guildford-ADC 3"]
[BlackTeam "Poisnd Pawns 1"]

1. d4 f5 2. a3 Nf6 3. c4 e6 4. Nc3 Be7 5. Qc2 d5 6. Nf3 O-O 7. Bg5 c6 8. e3 Bd7
9. b4 Be8 10. Bd3 Nbd7 11. O-O a6 12. b5 axb5 13. cxb5 c5 14. dxc5 Nxc5 15. Nd4
Bd7 16. Nce2 Rc8 17. Qb1 Bd6 18. a4 Bxh2+ 19. Kxh2 Ng4+ 20. Kg3 Qxg5 21. Nf3
Qe7 22. Ned4 Rf6 23. Nh4 Qd6+ 0-1

[Event "4NCL/Div2/GUI3 vs. PPA1"]
[Site "Sunningdale ENG"]
[Date "2006.09.17"]
[Round "2.8"]
[White "Bentley, Emma"]
[Black "Morris, Claire H"]
[Result "0-1"]
[WhiteElo "1405"]
[BlackElo "1880"]
[PlyCount "88"]
[EventDate "2006.09.17"]
[EventType "team"]
[EventRounds "11"]
[EventCountry "ENG"]
[WhiteTeam "Poisnd Pawns 1"]
[BlackTeam "Guildford-ADC 3"]

1. e4 e5 2. Nf3 Nc6 3. Bc4 Bc5 4. O-O d6 5. d3 Nf6 6. Nc3 Bg4 7. Bg5 h6 8. Bxf6
gxf6 9. Bb5 Rg8 10. a3 a6 11. Bxc6+ bxc6 12. Re1 Qd7 13. Kf1 Ke7 14. h3 Be6 15.
Na4 Ba7 16. b4 Rg7 17. c4 Rag8 18. g4 h5 19. Nh2 hxg4 20. hxg4 Rh8 21. Nf3 Bxg4
22. c5 Rh3 23. Re3 Rh1+ 24. Ke2 Rxd1 25. Rxd1 Bxf3+ 26. Rxf3 Qg4 27. d4 Qxe4+
28. Re3 Qc2+ 29. Rd2 Qxa4 30. dxe5 fxe5 31. f4 f6 32. fxe5 fxe5 33. cxd6+ cxd6
34. Red3 Rg2+ 35. Kf3 Rxd2 36. Rxd2 Qxa3+ 37. Ke2 Qxb4 38. Kd1 e4 39. Rh2 Qb1+
40. Ke2 Qc2+ 41. Ke1 Qxh2 42. Kd1 Be3 43. Ke1 Qf2+ 44. Kd1 Qd2# 0-1

[Event "4NCL/Div2/BAR2 vs. CAMB1"]
[Site "Sunningdale ENG"]
[Date "2006.09.17"]
[Round "2.1"]
[White "Taylor, Martin R"]
[Black "Mah, Karl C C"]
[Result "0-1"]
[WhiteElo "2332"]
[BlackElo "2415"]
[PlyCount "110"]
[EventDate "2006.09.17"]
[EventType "team"]
[EventRounds "11"]
[EventCountry "ENG"]
[WhiteTeam "Barbican 4NCL 2"]
[BlackTeam "Cambridge U 1"]

1. d4 e6 2. Nf3 Nf6 3. c3 b6 4. Bg5 Bb7 5. Nbd2 Be7 6. e3 d6 7. Bd3 h6 8. Bh4
g5 9. Bg3 Nh5 10. O-O Nd7 11. Ne1 Nxg3 12. hxg3 Bf6 13. Nc2 Qe7 14. e4 h5 15.
f4 h4 16. gxh4 gxf4 17. Rxf4 Bxh4 18. Nf3 Bf6 19. Qe2 O-O-O 20. Ba6 Rh6 21. Rf1
Rdh8 22. Bxb7+ Kxb7 23. Ne3 Bg5 24. Rg4 Nf6 25. Nxg5 Nxg4 26. Qxg4 Rh1+ 27. Kf2
Rxf1+ 28. Kxf1 Rg8 29. Qf3 Rxg5 30. a3 Rg7 31. Ke2 Qg5 32. Kd2 Qg3 33. Qf6 Rh7
34. Qf1 Rh4 35. Qxf7 Rxe4 36. Qf3 Qxf3 37. gxf3 Rh4 38. Kd3 a5 39. b3 Rh2 40.
a4 Rb2 41. Nc4 Ra2 42. Nd2 Kc8 43. c4 Kd7 44. f4 Ke7 45. d5 exd5 46. cxd5 Kf6
47. Nf3 Kf5 48. Ke3 Ra1 49. Nd4+ Kg4 50. Ne6 Rb1 51. Nd4 Rf1 52. Ne6 Rf3+ 53.
Ke4 Rxb3 54. Nxc7 Rb4+ 55. Ke3 Kf5 0-1

[Event "4NCL/Div2/BAR2 vs. CAMB1"]
[Site "Sunningdale ENG"]
[Date "2006.09.17"]
[Round "2.2"]
[White "Alfred, Nathan S W"]
[Black "Pritchett, Craig W"]
[Result "1/2-1/2"]
[WhiteElo "2327"]
[BlackElo "2289"]
[PlyCount "83"]
[EventDate "2006.09.17"]
[EventType "team"]
[EventRounds "11"]
[EventCountry "ENG"]
[WhiteTeam "Cambridge U 1"]
[BlackTeam "Barbican 4NCL 2"]

1. d4 Nf6 2. Nf3 e6 3. c4 Bb4+ 4. Nbd2 c5 5. a3 Bxd2+ 6. Qxd2 cxd4 7. Nxd4 O-O
8. e3 d5 9. cxd5 Qxd5 10. Nb5 Nc6 11. Qxd5 exd5 12. b4 a6 13. Nc7 Ra7 14. Bb2
b5 15. Bxf6 Rxc7 16. Bb2 Be6 17. Bd3 f6 18. f4 Ne7 19. Bd4 Bf5 20. Kd2 Bxd3 21.
Kxd3 Rc4 22. Bc5 Re8 23. Rac1 Nc6 24. Rhd1 Kf7 25. g3 h5 26. Rc2 f5 27. h3 Kf6
28. Rcd2 Ke6 29. Ke2 Rd8 30. Kf3 Rc3 31. Rd3 Rxd3 32. Rxd3 g5 33. g4 fxg4+ 34.
hxg4 gxf4 35. exf4 hxg4+ 36. Kxg4 d4 37. Rd1 Rg8+ 38. Kf3 Kd5 39. Rh1 a5 40.
Rh6 axb4 41. axb4 Rc8 42. Rd6+ 1/2-1/2

[Event "4NCL/Div2/BAR2 vs. CAMB1"]
[Site "Sunningdale ENG"]
[Date "2006.09.17"]
[Round "2.3"]
[White "Rogers, Jonathan W"]
[Black "Moskovic, David M"]
[Result "1-0"]
[WhiteElo "2353"]
[BlackElo "2272"]
[PlyCount "83"]
[EventDate "2006.09.17"]
[EventType "team"]
[EventRounds "11"]
[EventCountry "ENG"]
[WhiteTeam "Barbican 4NCL 2"]
[BlackTeam "Cambridge U 1"]

1. d4 d5 2. Nf3 Nf6 3. Bf4 c5 4. e3 Nc6 5. c3 e6 6. Nbd2 Bd6 7. dxc5 Bxc5 8.
Bd3 O-O 9. O-O h6 10. h3 Re8 11. e4 e5 12. Bh2 dxe4 13. Nxe4 Nxe4 14. Bxe4 Qxd1
15. Rfxd1 f6 16. b4 Bb6 17. a4 Bc7 18. Nh4 Ne7 19. g4 Rb8 20. Kg2 Kf7 21. Nf5
Nxf5 22. gxf5 Rd8 23. f3 Rxd1 24. Rxd1 Ke7 25. Bg1 Bb6 26. Bh2 Bd7 27. a5 Be3
28. Rd3 Bf4 29. Bg1 b6 30. axb6 axb6 31. c4 Rc8 32. c5 bxc5 33. Bxc5+ Ke8 34.
Rd6 Rd8 35. Rb6 h5 36. Rb7 Bh6 37. Bd5 Rc8 38. Be6 Bxe6 39. fxe6 f5 40. Rf7 Kd8
41. Rf8+ Kc7 42. e7 1-0

[Event "4NCL/Div2/BAR2 vs. CAMB1"]
[Site "Sunningdale ENG"]
[Date "2006.09.17"]
[Round "2.4"]
[White "Churm, Rohan M"]
[Black "Taylor, Peter"]
[Result "1/2-1/2"]
[WhiteElo "2177"]
[BlackElo "2220"]
[PlyCount "45"]
[EventDate "2006.09.17"]
[EventType "team"]
[EventRounds "11"]
[EventCountry "ENG"]
[WhiteTeam "Cambridge U 1"]
[BlackTeam "Barbican 4NCL 2"]

1. d4 Nf6 2. Nf3 e6 3. g3 c5 4. c3 b6 5. Bg2 Bb7 6. O-O Be7 7. Nbd2 O-O 8. Re1
d5 9. Ne5 Nc6 10. Ndf3 Rc8 11. Bf4 b5 12. Nxc6 Bxc6 13. Ne5 Qb6 14. Be3 Rfd8
15. dxc5 Bxc5 16. Bxc5 Qxc5 17. Qd4 Be8 18. Rac1 Rc7 19. e3 Rdc8 20. Nd3 Qe7
21. Qb4 Kf8 22. Qa5 h6 23. Nb4 1/2-1/2